01873cam a2200349 i 4500003000900000005001700009007000300026008004100029020001800070040003100088082002600119100003400145245033300179264005200512300003600564336002700600337003300627338002800660490002500688500006300713500004500776500003600821504003000857520034800887650002201235650002601257700002801283700004601311700008701357700003901444700004001483DO-SdBNP20240624125718.0ta240624s2015 mx c 000 f spa d a9786071633217 aDO-SdBNPcspadBNPHU erda a327.7307291bL5782221 aLeoGrande, William M.eautor 10aDiplomacia encubierta con Cuba :bhistoria de las negociaciones secretas entre washington y La Habana /cWilliam M. LeoGrande, Peter Kornbluh ; traducción Sandra Sepúlveda Amor ; traducción de abreviaturas, notas, bibliografía e índice Johanna Malcher ; revisión Fausto José Trejo ; prólogo Jorge I. Domínguez  1aMexico :bFondo de Cultura Económica, c2015. a628 páginasbretratosc23 cm. 2rdacontentatextobtxt 2rdamediaasin mediaciónbn 2rdacarrieravolumenbnc1 aPolítica y derecho aIncluye datos biografícos de los autores en las solapas. aIncluye índice analítico, p: 605-628 aPrimera edición en español. aBibliografía p: 585-603 aEste libro investiga la historia de los diálogos secretos, a menudo sorprendentes, entre Washington y La Habana. Los autores, que pasaron más de una década examinando archivos clasificados, ofrecen una relación completa del as negociaciones a partir de 1959, lo que sugiere que el pasado tiene lecciones para los futuros negociadores.  4aNovela española 4aLiteratura española1 aKornbluh, Peter eautor1 aSepúlveda Amor, Sandra etraducción 1 aMalcher, Johannaetraducción de abreviaturas, notas, bibliografía e índice 1 aTrejo, Fausto José erevisión 1 aDomínguez, Jorge I. eprólogo